Normal view
MARC view
- Shaykh Ahmad Bin Ghanim Al-Asadi
Entry Personal Name
001 - CONTROL NUMBER
- control field: 9597
003 - CONTROL NUMBER IDENTIFIER
- control field: OSt
005 - DATE AND TIME OF LATEST TRANSACTION
- control field: 20250616142634.0
008 - FIXED-LENGTH DATA ELEMENTS
- fixed length control field: 250616|| aca||aabn | a|a d
040 ## - CATALOGING SOURCE
- Original cataloging agency: OSt
- Transcribing agency: OSt
100 ## - HEADING--PERSONAL NAME
- Personal name: Shaykh Ahmad Bin Ghanim Al-Asadi
670 ## - SOURCE DATA FOUND
- Source citation: Work cat.: (OSt)5031: Shaykh Ahmad Bin Ghanim Al-Asadi,, Nabi Muhammad :

PORTAL AKMAL
E-MEL JKDM
AKMAL2U
G-BAM
u-PUSTAKA